000 00484nam a2200181Ia 4500
008 100920s9999 xx 000 0 und d
082 _b28003
_a6 थ 74
100 _aHoward Elizabeth Howard.
245 _aOdd Girl Out.
260 _bDELL PUBLISHING COMPANY, INC, NEW YORK.
_c1974
300 _a256
_bसाधी
365 _b12.75
520 _aई.एल. एफ.
630 _aOdd Girl Out.
650 _aई.एल. एफ.
730 _aOdd Girl Out.
942 _cBOOK
999 _c684551
_d684548